00331nam a22001457a 4500003000400000008004100004020001800045082001200063100002100075245002100096250000800117260003200125300001100157650001700168OSt230420b |||||||| |||| 00| 0 eng d a9788191019292 a579 MUM aMUDILI, Jayababu aMicrbiology Quiz aIst bPharma Med PressaHyderabad aix,277 aMicrobiology